[Event "Campos Migjorn op"]
[Site "Campos"]
[Date "2019.09.21"]
[Round "6"]
[White "Trillo Figueroa Vidal, Antonio"]
[Black "Perello Gelabert, Jordi"]
[Result "1-0"]
[WhiteElo "1684"]
[BlackElo "1338"]
[PlyCount "53"]
[EventDate "2019.09.06"]
[EventType "swiss"]
[EventRounds "8"]
[EventCountry "ESP"]
[SourceTitle "EXT 2020"]
[Source "ChessBase"]
[SourceDate "2019.10.17"]
[SourceVersion "1"]
[SourceVersionDate "2019.10.17"]
[SourceQuality "1"]

1. e4 e5 2. Nf3 Nc6 3. Bc4 Bc5 4. b4 Bxb4 5. c3 Ba5 6. 0-0 d6 7. d4 exd4 8. cxd4 Bg4 9. Qb3 Qd7 10. Bb2 Bxf3 11. Qxf3 Bb6 12. Rd1 0-0-0 13. Bb5 a6 14. Bxc6 Qxc6 15. d5 Bxf2+ 16. Qxf2 Qa4 17. Nc3 Qc4 18. Rac1 Nf6 19. Rd4 Qc5 20. Na4 Qb5 21. Rdc4 Kb8 22. Qc2 Rc8 23. Bxf6 gxf6 24. Rxc7 Rcd8 25. Rc4 Qe8 26. Nb6 Rg8 27. Rc7 1-0